[Event "Quebec op"]
[Site "Montreal CAN"]
[Date "1998.07.29"]
[Round "6"]
[White "Poitras, Luc"]
[Black "Leriche, Felix"]
[Result "1-0"]
[WhiteElo "2085"]
[BlackElo "2216"]
[PlyCount "55"]
[GameId "2160767911872580"]
[EventDate "1998.07.25"]
[EventType "swiss"]
[EventRounds "9"]
[EventCountry "CAN"]

1. e4 c6 2. Nc3 d5 3. d4 dxe4 4. Nxe4 Bf5 5. Ng3 Bg6 6. Nf3 Nd7 7. h4 h6 8. h5 Bh7 9. Bd3 Bxd3 10. Qxd3 Ngf6 11. Bd2 e6 12. O-O-O Qc7 13. Ne4 O-O-O 14. g3 Nc5 15. Nxc5 Bxc5 16. Bf4 Bd6 17. Bxd6 Rxd6 18. Qa3 Rd5 19. b4 b6 20. Ne5 Rhd8 21. Rh4 Kb7 22. Rd3 a5 23. Rc3 axb4 24. Qxb4 c5 25. Qb5 Rxd4 26. Rxd4 Rxd4 27. Nd3 Qc6 28. Nxc5+ 1-0

[Event "Quebec op"]
[Site "Montreal CAN"]
[Date "1998.07.29"]
[Round "6"]
[White "Poulin, Maurice"]
[Black "Seguin, Rene"]
[Result "0-1"]
[WhiteElo "2004"]
[BlackElo "1938"]
[PlyCount "72"]
[GameId "2160767911872581"]
[EventDate "1998.07.25"]
[EventType "swiss"]
[EventRounds "9"]
[EventCountry "CAN"]
[SourceTitle "EXT 2022"]
[Source "ChessBase"]
[SourceDate "2021.10.06"]
[SourceVersion "1"]
[SourceVersionDate "2021.10.06"]
[SourceQuality "1"]

1. e4 c5 2. Nf3 Nc6 3. Nc3 e5 4. Bc4 Be7 5. d3 d6 6. a3 a6 7. Nd5 b5 8. Ba2 Nf6 9. Nxe7 Nxe7 10. Bg5 Ng6 11. h3 h6 12. Be3 Be6 13. Bb1 Qc7 14. Nh2 d5 15. Ng4 Nd7 16. c3 dxe4 17. dxe4 c4 18. O-O Rd8 19. Qe2 Nc5 20. Bc2 h5 21. Bxc5 hxg4 22. Qe3 gxh3 23. Bb6 hxg2 24. Bxc7 Nf4 25. f3 gxf1=Q+ 26. Rxf1 Nh3+ 27. Kg2 Nf4+ 28. Kf2 Rh2+ 29. Kg1 Rg2+ 30. Kh1 Rdd2 31. Qxd2 Rxd2 32. Bb1 f6 33. Ba5 Rxb2 34. Bb4 Bh3 35. Re1 Bg2+ 36. Kg1 Bxf3 0-1

[Event "Quebec op"]
[Site "Montreal CAN"]
[Date "1998.07.29"]
[Round "6"]
[White "Regnier, Alain"]
[Black "Constantineau, Yvan"]
[Result "1-0"]
[WhiteElo "1977"]
[BlackElo "2165"]
[PlyCount "49"]
[GameId "2160767911872582"]
[EventDate "1998.07.25"]
[EventType "swiss"]
[EventRounds "9"]
[EventCountry "CAN"]

1. e4 e5 2. f4 exf4 3. Nf3 d5 4. exd5 Nf6 5. c4 c6 6. d4 Bb4+ 7. Nc3 O-O 8. Bxf4 Ne4 9. Qb3 Qa5 10. Rc1 Re8 11. Be2 Na6 12. O-O Nxc3 13. bxc3 Ba3 14. Rce1 cxd5 15. cxd5 b6 16. Bb5 Rxe1 17. Rxe1 Bb7 18. Ne5 Nc7 19. d6 Bxd6 20. Qxf7+ Kh8 21. Bh6 Bxe5 22. Rxe5 Rg8 23. Bc4 Bd5 24. Bxd5 Nxd5 25. Re8 1-0

[Event "Quebec op"]
[Site "Montreal CAN"]
[Date "1998.07.29"]
[Round "6"]
[White "Saint-Onge, Roland"]
[Black "Andersen, Bradley"]
[Result "1-0"]
[WhiteElo "1582"]
[BlackElo "1543"]
[PlyCount "77"]
[GameId "2160767911872583"]
[EventDate "1998.07.25"]
[EventType "swiss"]
[EventRounds "9"]
[EventCountry "CAN"]

1. e4 e6 2. d4 d5 3. exd5 exd5 4. c4 c6 5. Nc3 Bb4 6. Qb3 Qe7+ 7. Be3 Nf6 8. c5 Bxc3+ 9. bxc3 O-O 10. h3 Nbd7 11. Nf3 Ne4 12. c4 Ndf6 13. Be2 Be6 14. O-O Qd7 15. Ne5 Qe7 16. Rab1 Rab8 17. Qa4 Nc3 18. Qc2 Nxb1 19. Rxb1 Nd7 20. Bf4 Nxe5 21. Bxe5 Ra8 22. Bd6 Qd7 23. Bxf8 Bf5 24. Bd3 Bxd3 25. Qxd3 dxc4 26. Qxc4 Kxf8 27. Qb4 Rb8 28. a4 g6 29. a5 a6 30. Qd2 Kg8 31. Rb6 Re8 32. Qb2 Qc7 33. g3 Rb8 34. d5 cxd5 35. c6 h6 36. Rxb7 Rxb7 37. Qxb7 Qxa5 38. c7 Qa1+ 39. Kg2 1-0

[Event "Quebec op"]
[Site "Montreal CAN"]
[Date "1998.07.29"]
[Round "6"]
[White "Tansky, Alexandr"]
[Black "Michaud, Gerald"]
[Result "1-0"]
[WhiteElo "2140"]
[BlackElo "1861"]
[PlyCount "103"]
[GameId "2160767911872585"]
[EventDate "1998.07.25"]
[EventType "swiss"]
[EventRounds "9"]
[EventCountry "CAN"]
[SourceTitle "EXT 2022"]
[Source "ChessBase"]
[SourceDate "2021.10.06"]
[SourceVersion "1"]
[SourceVersionDate "2021.10.06"]
[SourceQuality "1"]

1. e4 e6 2. d4 d5 3. e5 c5 4. c3 Nc6 5. Nf3 Qb6 6. Be2 Bd7 7. O-O Rc8 8. a3 c4 9. Nbd2 Na5 10. Rb1 Nh6 11. Re1 Nf5 12. h3 Be7 13. g3 O-O 14. Bf1 Rfd8 15. Bg2 Be8 16. g4 Nh4 17. Nxh4 Bxh4 18. Nf3 Be7 19. Qe2 Rc6 20. Bf4 Rdc8 21. h4 Qd8 22. h5 f5 23. exf6 gxf6 24. Bg3 Bf7 25. Rbd1 Nb3 26. Qe3 b5 27. Re2 a5 28. Bh4 b4 29. axb4 axb4 30. Rde1 bxc3 31. bxc3 Ra6 32. Bh3 Rca8 33. Qf4 Qb8 34. Qe3 Qd8 35. g5 f5 36. h6 Qc7 37. Ne5 Bh5 38. f3 Ra1 39. Bg3 Rxe1+ 40. Rxe1 Ra6 41. Bf4 Qa7 42. Bf1 Be8 43. Nxc4 Nxd4 44. cxd4 Bb4 45. Rb1 Qe7 46. Qb3 dxc4 47. Qxb4 Qa7 48. Qxc4 Rc6 49. Qd3 Rc8 50. Qe3 Rd8 51. Qxe6+ Bf7 52. Qe5 1-0

[Event "Quebec op"]
[Site "Montreal CAN"]
[Date "1998.07.29"]
[Round "6"]
[White "Wenaas, Eric"]
[Black "Abreu Cordero, Jose"]
[Result "1-0"]
[WhiteElo "2144"]
[BlackElo "1985"]
[PlyCount "149"]
[GameId "2160767911872586"]
[EventDate "1998.07.25"]
[EventType "swiss"]
[EventRounds "9"]
[EventCountry "CAN"]
[SourceTitle "EXT 2022"]
[Source "ChessBase"]
[SourceDate "2021.10.06"]
[SourceVersion "1"]
[SourceVersionDate "2021.10.06"]
[SourceQuality "1"]

1. Nf3 d5 2. d4 Nf6 3. c4 e6 4. Nc3 h6 5. e3 c6 6. Qc2 Nbd7 7. Bd3 Bd6 8. O-O O-O 9. b3 Re8 10. Bb2 e5 11. cxd5 cxd5 12. Nb5 Bb8 13. dxe5 Nxe5 14. Nxe5 Bxe5 15. Bxe5 Rxe5 16. Qc7 Qxc7 17. Nxc7 Rb8 18. Nb5 a6 19. Nd4 Bd7 20. Rac1 Kf8 21. Rfd1 Ke8 22. a4 g6 23. Kf1 Re7 24. h3 Kd8 25. Ne2 Rc8 26. Nf4 Be8 27. Rxc8+ Kxc8 28. Be2 Bc6 29. Bf3 Rd7 30. Bg4 Nxg4 31. hxg4 Kc7 32. Ne2 Re7 33. Nc3 Rd7 34. f3 a5 35. Kf2 Kb6 36. Ne2 Kc5 37. Rh1 Re7 38. Rxh6 b5 39. axb5 Bxb5 40. Nd4 Kb4 41. Rh8 Be8 42. Ke2 Kc3 43. Rh1 a4 44. bxa4 Bxa4 45. Rc1+ Kb4 46. Nc6+ Bxc6 47. Rxc6 Kb5 48. Rc8 Ra7 49. Kd3 Ra2 50. Rf8 Rxg2 51. Rxf7 Kc5 52. Rf6 Rg3 53. Ke2 d4 54. exd4+ Kxd4 55. Kf2 Rh3 56. Rxg6 Ke5 57. Kg2 Rh8 58. Kg3 Rf8 59. Ra6 Rb8 60. Ra5+ Kf6 61. f4 Rb1 62. Ra6+ Kf7 63. Kh4 Rb5 64. f5 Rb8 65. g5 Rh8+ 66. Kg4 Rh1 67. Ra7+ Kg8 68. f6 Rc1 69. Kf5 Rc8 70. Kg6 Rb8 71. Rh7 Rb6 72. Rf7 Rb8 73. Rg7+ Kh8 74. Rh7+ Kg8 75. f7+ 1-0

[Event "Quebec op"]
[Site "Montreal CAN"]
[Date "1998.07.30"]
[Round "6"]
[White "Cormos, Eugene"]
[Black "Oratovsky, Michael"]
[Result "0-1"]
[WhiteElo "2095"]
[BlackElo "2465"]
[PlyCount "82"]
[GameId "2160767911872588"]
[EventDate "1998.07.25"]
[EventType "swiss"]
[EventRounds "9"]
[EventCountry "CAN"]
[SourceTitle "EXT 1999"]
[Source "ChessBase"]
[SourceDate "1998.11.10"]
[SourceVersion "1"]
[SourceVersionDate "1998.11.10"]
[SourceQuality "1"]

1. e4 c5 2. c3 d6 3. d4 Nf6 4. Bd3 g6 5. Nf3 Bg7 6. h3 O-O 7. O-O Nc6 8. Nbd2 cxd4 9. cxd4 e5 10. d5 Ne7 11. Nc4 Ne8 12. Nfd2 f5 13. f3 f4 14. a4 Bf6 15. Qe1 g5 16. Kf2 g4 17. Ke2 gxh3 18. gxh3 Ng6 19. Rg1 Bxh3 20. Rh1 Bd7 21. b3 Bg5 22. Ba3 Qf6 23. Qg1 h6 24. Na5 Bc8 25. Bb5 Nc7 26. Rc1 Nxb5 27. axb5 Nh8 28. Rc7 Rf7 29. Qc1 Qd8 30. Bxd6 b6 31. Bxe5 bxa5 32. Rc6 Qe8 33. Qc3 Rh7 34. Nc4 Ng6 35. Bf6 Bd7 36. Rd6 Bxb5 37. Rg1 Bxc4+ 38. bxc4 Qf8 39. e5 Re8 40. Bxg5 Qxd6 41. Bxf4 Rg7 0-1

[Event "Quebec op"]
[Site "Montreal CAN"]
[Date "1998.07.30"]
[Round "6"]
[White "Gardner, Robert"]
[Black "Gaspariants, Garry"]
[Result "0-1"]
[WhiteElo "2180"]
[BlackElo "2230"]
[PlyCount "36"]
[GameId "2160767911872590"]
[EventDate "1998.07.25"]
[EventType "swiss"]
[EventRounds "9"]
[EventCountry "CAN"]
[SourceTitle "EXT 1999"]
[Source "ChessBase"]
[SourceDate "1998.11.10"]
[SourceVersion "1"]
[SourceVersionDate "1998.11.10"]
[SourceQuality "1"]

1. e4 e5 2. f4 Bc5 3. Nf3 d6 4. c3 Nf6 5. d4 exd4 6. cxd4 Bb6 7. Bd3 O-O 8. O-O Bg4 9. Be3 Nc6 10. Qa4 Qe8 11. Nc3 Bxf3 12. gxf3 Nxd4 13. Qxe8 Rfxe8 14. Na4 Ne2+ 15. Kf2 Nxf4 16. Bb5 Bxe3+ 17. Kxe3 N6d5+ 18. Kd4 c5+ 0-1

[Event "Quebec op"]
[Site "Montreal CAN"]
[Date "1998.07.30"]
[Round "6"]
[White "Linskiy, Oleg"]
[Black "Elfert, Aleksandr"]
[Result "1-0"]
[WhiteElo "2375"]
[BlackElo "2140"]
[PlyCount "52"]
[GameId "2160767911872594"]
[EventDate "1998.07.25"]
[EventType "swiss"]
[EventRounds "9"]
[EventCountry "CAN"]
[SourceTitle "EXT 1999"]
[Source "ChessBase"]
[SourceDate "1998.11.10"]
[SourceVersion "1"]
[SourceVersionDate "1998.11.10"]
[SourceQuality "1"]

1. e4 c5 2. Nf3 b6 3. d4 cxd4 4. Nxd4 Bb7 5. Nc3 a6 6. Bc4 e6 7. O-O Qc7 8. Bb3 b5 9. a3 Nc6 10. Be3 Nf6 11. Qe2 Na5 12. Bg5 Bc5 13. Rad1 Bxd4 14. Rxd4 Qe5 15. Qd2 Nxb3 16. cxb3 Bc6 17. Bf4 Qh5 18. Bd6 Qg6 19. Re1 Rc8 20. f4 h5 21. f5 Qh7 22. Qf4 Qh6 23. Qh4 Ng8 24. Nd5 Bxd5 25. exd5 Rc1 26. Bf4 Qf6 1-0

[Event "Quebec op"]
[Site "Montreal CAN"]
[Date "1998.07.30"]
[Round "6"]
[White "Tyomkin, Dimitri"]
[Black "Hua, Lefong"]
[Result "1-0"]
[WhiteElo "2445"]
[BlackElo "2240"]
[PlyCount "61"]
[GameId "2160767911872597"]
[EventDate "1998.07.25"]
[EventType "swiss"]
[EventRounds "9"]
[EventCountry "CAN"]
[SourceTitle "CBM 066"]
[Source "ChessBase"]
[SourceDate "1998.09.30"]
[SourceVersion "1"]
[SourceVersionDate "1998.09.30"]
[SourceQuality "1"]

1. d4 Nf6 2. Nf3 c5 3. d5 e6 4. c4 exd5 5. cxd5 d6 6. Nc3 g6 7. e4 Bg7 8. Bg5 O-O 9. Nd2 Re8 10. Be2 a6 11. a4 Nbd7 12. O-O b6 13. f4 Qc7 14. Qc2 Rb8 15. Rac1 h6 16. Bh4 Nh7 17. Bg3 g5 18. fxg5 hxg5 19. Nc4 Ne5 20. Bxe5 Bxe5 21. Nxe5 dxe5 22. Bh5 Re7 23. d6 Qxd6 24. Rcd1 Qc6 25. Rd8+ Kg7 26. Nd5 Reb7 27. Qc3 Qe6 28. Bg4 Qxg4 29. Qxe5+ Kh6 30. Rf6+ Kg7 31. Rfd6+ 1-0

[Event "Quebec op"]
[Site "Montreal CAN"]
[Date "1998.07.30"]
[Round "7"]
[White "Constantineau, Yvan"]
[Black "Mahabir, Hugh"]
[Result "1-0"]
[WhiteElo "2165"]
[BlackElo "2022"]
[PlyCount "43"]
[GameId "2160767911872598"]
[EventDate "1998.07.25"]
[EventType "swiss"]
[EventRounds "9"]
[EventCountry "CAN"]

1. d4 Nf6 2. c4 e5 3. dxe5 Ng4 4. e4 Nxe5 5. f4 Nbc6 6. Be3 Ng6 7. a3 a5 8. Nf3 Be7 9. Bd3 Nh4 10. O-O Nxf3+ 11. Qxf3 b6 12. Nc3 Bb7 13. Nd5 O-O 14. Qh5 g6 15. Qh6 Bf6 16. e5 Bg7 17. Qh3 f5 18. exf6 Bxf6 19. f5 g5 20. Qg3 Bd4 21. f6 Bxe3+ 22. Qxe3 1-0

[Event "Quebec op"]
[Site "Montreal CAN"]
[Date "1998.07.30"]
[Round "7"]
[White "Courval, Francois"]
[Black "Gilbert, Erick"]
[Result "1-0"]
[WhiteElo "1958"]
[BlackElo "1843"]
[PlyCount "85"]
[GameId "2160767911872599"]
[EventDate "1998.07.25"]
[EventType "swiss"]
[EventRounds "9"]
[EventCountry "CAN"]
[SourceTitle "EXT 2022"]
[Source "ChessBase"]
[SourceDate "2021.10.06"]
[SourceVersion "1"]
[SourceVersionDate "2021.10.06"]
[SourceQuality "1"]

1. e4 e6 2. d4 d5 3. e5 c5 4. c3 Nc6 5. Nf3 Qb6 6. a3 cxd4 7. cxd4 Bd7 8. Nc3 Rc8 9. Be3 Na5 10. Na4 Qb3 11. Nc5 Qxd1+ 12. Rxd1 Bxc5 13. dxc5 Ba4 14. Rd4 Bd7 15. b4 Nc6 16. Rg4 g6 17. b5 Nce7 18. Bd3 Nf5 19. Bxf5 exf5 20. Rb4 a6 21. a4 axb5 22. axb5 f6 23. Kd2 fxe5 24. Nxe5 Nf6 25. c6 bxc6 26. bxc6 Be6 27. Ra1 Ng4 28. Bd4 Nxe5 29. Bxe5 O-O 30. Ra7 Rf7 31. Rbb7 Rxc6 32. Rxf7 Bxf7 33. Ra8+ Be8 34. Rxe8+ Kf7 35. Rb8 g5 36. Bd4 Rc4 37. Kd3 h5 38. Rb6 Ke7 39. Rg6 g4 40. Rg5 Ke6 41. Rxh5 Rc1 42. Rh6+ Ke7 43. h4 1-0

[Event "Quebec op"]
[Site "Montreal CAN"]
[Date "1998.07.30"]
[Round "7"]
[White "Elfert, Aleksandr"]
[Black "Poitras, Luc"]
[Result "1-0"]
[WhiteElo "2195"]
[BlackElo "2085"]
[PlyCount "95"]
[GameId "2160767911872600"]
[EventDate "1998.07.25"]
[EventType "swiss"]
[EventRounds "9"]
[EventCountry "CAN"]
[SourceTitle "EXT 2022"]
[Source "ChessBase"]
[SourceDate "2021.10.06"]
[SourceVersion "1"]
[SourceVersionDate "2021.10.06"]
[SourceQuality "1"]

1. c4 e5 2. b3 Nc6 3. Bb2 d5 4. cxd5 Qxd5 5. Nc3 Qd8 6. e3 Nf6 7. Bb5 Bd7 8. Nf3 a6 9. Bxc6 Bxc6 10. Nxe5 Bxg2 11. Rg1 Bd5 12. Nxd5 Qxd5 13. Qf3 Rg8 14. Rc1 Qxf3 15. Nxf3 Nd5 16. Ke2 O-O-O 17. Ng5 f6 18. Ne6 Re8 19. Nxf8 Rexf8 20. Rg4 g5 21. h4 h5 22. Rd4 Ne7 23. hxg5 fxg5 24. Rh1 Nf5 25. Rd5 c6 26. Re5 Nh4 27. f4 Nf5 28. Rg1 h4 29. e4 Ng3+ 30. Rxg3 hxg3 31. f5 g4 32. Ba3 Rf7 33. Re6 Rh8 34. Rg6 Rh2+ 35. Ke3 Rh4 36. d3 Rh2 37. Rxg4 Rxa2 38. Bc5 g2 39. Kf4 Rc2 40. b4 Re2 41. e5 Kc7 42. f6 b6 43. Bg1 Kd7 44. Kf5 a5 45. bxa5 bxa5 46. Rg7 Ke8 47. e6 Rf8 48. Ra7 1-0

[Event "Quebec op"]
[Site "Montreal CAN"]
[Date "1998.07.30"]
[Round "7"]
[White "Fillion, Steve"]
[Black "Gamback, Bjorn"]
[Result "1/2-1/2"]
[WhiteElo "2143"]
[BlackElo "2215"]
[PlyCount "30"]
[GameId "2160767911872601"]
[EventDate "1998.07.25"]
[EventType "swiss"]
[EventRounds "9"]
[EventCountry "CAN"]

1. Nf3 d5 2. d4 c5 3. e3 Nc6 4. Be2 Nf6 5. O-O e6 6. b3 Be7 7. dxc5 Bxc5 8. Bb2 O-O 9. Nbd2 a6 10. c4 dxc4 11. Nxc4 b5 12. Nce5 Nxe5 13. Nxe5 Bb7 14. Qxd8 Rfxd8 15. Rfd1 Bb6 1/2-1/2

[Event "Quebec op"]
[Site "Montreal CAN"]
[Date "1998.07.30"]
[Round "7"]
[White "Gladu, Pierre"]
[Black "Seguin, Rene"]
[Result "1-0"]
[WhiteElo "2136"]
[BlackElo "1938"]
[PlyCount "53"]
[GameId "2160767911872602"]
[EventDate "1998.07.25"]
[EventType "swiss"]
[EventRounds "9"]
[EventCountry "CAN"]

1. e4 c5 2. Nf3 Nc6 3. d4 cxd4 4. Nxd4 e5 5. Nb5 d6 6. Bc4 Be6 7. Bxe6 fxe6 8. Qh5+ g6 9. Qh3 Qd7 10. c4 a6 11. N5a3 Nd4 12. O-O Bg7 13. Qd3 b5 14. cxb5 axb5 15. Be3 Rb8 16. f4 b4 17. Nc4 Nb5 18. fxe5 d5 19. Nb6 Rxb6 20. Bxb6 Bxe5 21. a4 bxa3 22. Nxa3 Nc7 23. Bxc7 Qxc7 24. Nb5 Bxh2+ 25. Kh1 Qe5 26. Qc3 d4 27. Qc6+ 1-0

[Event "Quebec op"]
[Site "Montreal CAN"]
[Date "1998.07.30"]
[Round "7"]
[White "Gottlieb, Jonathan"]
[Black "Cote, Jacques"]
[Result "0-1"]
[WhiteElo "1870"]
[BlackElo "1969"]
[PlyCount "52"]
[GameId "2160767911872603"]
[EventDate "1998.07.25"]
[EventType "swiss"]
[EventRounds "9"]
[EventCountry "CAN"]
[SourceTitle "EXT 2022"]
[Source "ChessBase"]
[SourceDate "2021.10.06"]
[SourceVersion "1"]
[SourceVersionDate "2021.10.06"]
[SourceQuality "1"]

1. e4 e5 2. Nf3 Nc6 3. Bc4 Bc5 4. c3 Nf6 5. d4 exd4 6. cxd4 Bb4+ 7. Bd2 Bxd2+ 8. Nbxd2 Nxe4 9. Bxf7+ Kxf7 10. Nxe4 Re8 11. Qe2 d5 12. Nfg5+ Kg6 13. h4 dxe4 14. Qe3 h5 15. O-O-O Qd5 16. Qg3 Bg4 17. f3 Qc4+ 18. Kb1 exf3 19. gxf3 Nb4 20. Ne4 Qxa2+ 21. Kc1 Qa1+ 22. Kd2 Qxb2+ 23. Ke3 Rxe4+ 24. fxe4 Qe2+ 25. Kf4 Rf8+ 26. Ke5 Nc6+ 0-1

[Event "Quebec op"]
[Site "Montreal CAN"]
[Date "1998.07.30"]
[Round "7"]
[White "Gravel, Simon jr"]
[Black "Poulin, Maurice"]
[Result "1-0"]
[WhiteElo "1949"]
[BlackElo "2004"]
[PlyCount "111"]
[GameId "2160767911872604"]
[EventDate "1998.07.25"]
[EventType "swiss"]
[EventRounds "9"]
[EventCountry "CAN"]
[SourceTitle "EXT 2022"]
[Source "ChessBase"]
[SourceDate "2021.10.06"]
[SourceVersion "1"]
[SourceVersionDate "2021.10.06"]
[SourceQuality "1"]

1. d4 g6 2. c4 Bg7 3. Nc3 d6 4. e4 Nc6 5. Be3 e5 6. d5 Nce7 7. g4 f6 8. f3 Bh6 9. Bxh6 Nxh6 10. Qd2 Nf7 11. O-O-O a6 12. Kb1 c5 13. dxc6 Nxc6 14. Nd5 Nd4 15. h4 Be6 16. Ne2 Nxf3 17. Qe3 Bxg4 18. Bh3 h5 19. Rdf1 f5 20. Rxf3 Bxf3 21. Qxf3 f4 22. Rg1 Rh6 23. Qg2 Rb8 24. Bf5 Nh8 25. Qg5 Nf7 26. Bxg6 Qxg5 27. Rxg5 Kf8 28. Bxf7 Kxf7 29. Ng1 Rc8 30. b3 Rg8 31. Rf5+ Ke6 32. Nf3 Rg7 33. Rf8 Rhh7 34. Rb8 Rg3 35. Ng5+ Rxg5 36. hxg5 h4 37. g6 Rg7 38. Rh8 Rxg6 39. Rxh4 Rg1+ 40. Kb2 Rg2+ 41. Ka3 Kf7 42. Rh7+ Rg7 43. Rxg7+ Kxg7 44. Kb4 Kg6 45. Kc3 Kg5 46. Kd2 Kh4 47. Nc3 Kg3 48. Nd1 Kg2 49. b4 b6 50. Ke2 a5 51. a3 axb4 52. axb4 Kg1 53. Nf2 Kg2 54. Nd3 f3+ 55. Ke3 Kg3 56. b5 1-0

[Event "Quebec op"]
[Site "Montreal CAN"]
[Date "1998.07.30"]
[Round "7"]
[White "Henson, Joshua"]
[Black "Saint-Onge, Roland"]
[Result "1-0"]
[WhiteElo "2140"]
[BlackElo "1582"]
[PlyCount "99"]
[GameId "2160767911872605"]
[EventDate "1998.07.25"]
[EventType "swiss"]
[EventRounds "9"]
[EventCountry "CAN"]

1. e4 e5 2. Nf3 Nc6 3. Bb5 a6 4. Bxc6 dxc6 5. O-O Bg4 6. h3 Bh5 7. d3 Bd6 8. Nbd2 b5 9. Re1 Ne7 10. Nf1 f6 11. Ng3 Bf7 12. c3 c5 13. Nh4 g6 14. Qf3 Ng8 15. Nf1 f5 16. exf5 Rb8 17. g3 Qd7 18. Bf4 Ne7 19. Bxe5 Bxe5 20. Rxe5 O-O 21. fxg6 Nxg6 22. Nxg6 hxg6 23. Qg4 Qxd3 24. Qd1 c4 25. Qxd3 cxd3 26. Rd1 Rbd8 27. Re3 Rfe8 28. Rdxd3 Rxd3 29. Rxd3 Bxa2 30. Ne3 a5 31. Rd7 c6 32. h4 b4 33. cxb4 axb4 34. Rd6 Re6 35. Rxe6 Bxe6 36. Kf1 Kf7 37. Ke2 Ke7 38. f4 c5 39. Kd3 Kd6 40. g4 Ba2 41. h5 gxh5 42. gxh5 Ke6 43. h6 Kf6 44. f5 Bf7 45. Ng4+ Kxf5 46. h7 c4+ 47. Kd2 Kxg4 48. h8=Q Kf5 49. Qc8+ Be6 50. Qc5+ 1-0

[Event "Quebec op"]
[Site "Montreal CAN"]
[Date "1998.07.30"]
[Round "7"]
[White "Khassanov, Marat"]
[Black "Wenaas, Eric"]
[Result "1-0"]
[WhiteElo "2351"]
[BlackElo "2144"]
[PlyCount "97"]
[GameId "2160767911872607"]
[EventDate "1998.07.25"]
[EventType "swiss"]
[EventRounds "9"]
[EventCountry "CAN"]

1. c4 Nf6 2. Nc3 e6 3. e4 d5 4. cxd5 exd5 5. exd5 Nxd5 6. d4 Be7 7. Bd3 Nc6 8. Nf3 Bg4 9. O-O O-O 10. h3 Bxf3 11. Qxf3 Nf6 12. Rd1 Nxd4 13. Qxb7 c5 14. b3 Qb6 15. Qxe7 Rae8 16. Na4 Rxe7 17. Nxb6 axb6 18. Bb2 Rd7 19. b4 Rfd8 20. bxc5 bxc5 21. Kf1 Nd5 22. Rac1 Nb4 23. Bb1 Ne6 24. Rxd7 Rxd7 25. a3 Nd3 26. Bxd3 Rxd3 27. Ke2 Rd7 28. a4 Ra7 29. Ra1 Kf8 30. Kd3 Ke7 31. Kc4 Kd6 32. a5 h5 33. h4 Kc6 34. Bc3 Rd7 35. Rb1 Rb7 36. Rxb7 Kxb7 37. Kb5 g5 38. Bf6 gxh4 39. Bxh4 Nf4 40. Be7 f6 41. a6+ Ka8 42. Bxf6 Nd3 43. f3 Ka7 44. Bg5 c4 45. f4 c3 46. f5 Ne5 47. f6 c2 48. Be3+ Ka8 49. Ka4 1-0

[Event "Quebec op"]
[Site "Montreal CAN"]
[Date "1998.07.30"]
[Round "7"]
[White "Lebeau, Gilbert"]
[Black "Luksza, Arkadiusz"]
[Result "1/2-1/2"]
[WhiteElo "1854"]
[BlackElo "2087"]
[PlyCount "81"]
[GameId "2160767911872608"]
[EventDate "1998.07.25"]
[EventType "swiss"]
[EventRounds "9"]
[EventCountry "CAN"]
[SourceTitle "EXT 2022"]
[Source "ChessBase"]
[SourceDate "2021.10.06"]
[SourceVersion "1"]
[SourceVersionDate "2021.10.06"]
[SourceQuality "1"]

1. e4 c6 2. d4 d5 3. Nc3 dxe4 4. Nxe4 Nd7 5. Nf3 Ngf6 6. Bd3 Nxe4 7. Bxe4 Nf6 8. Bd3 Bg4 9. c3 e6 10. O-O Be7 11. h3 Bh5 12. Bf4 O-O 13. Re1 Rc8 14. Be2 c5 15. dxc5 Bxc5 16. Ne5 Bxe2 17. Qxe2 Nd5 18. Bg3 Qe7 19. Rad1 Rfd8 20. Qf3 Qf6 21. Qe4 Qe7 22. Qf3 Bb6 23. Ng4 Qg5 24. h4 Qf5 25. Qxf5 exf5 26. Re5 Nxc3 27. Nh6+ gxh6 28. Rxd8+ Rxd8 29. bxc3 Kf8 30. Rxf5 Rd1+ 31. Kh2 Rd2 32. a3 Ke7 33. c4 Rc2 34. Re5+ Kf6 35. Re4 Bc5 36. a4 Ra2 37. f3 Rxa4 38. Be5+ Kg6 39. h5+ Kxh5 40. Rg4 Ra2 41. Kh3 1/2-1/2

[Event "Quebec op"]
[Site "Montreal CAN"]
[Date "1998.07.30"]
[Round "7"]
[White "Leimanis, Andris"]
[Black "Andersen, Bradley"]
[Result "1-0"]
[WhiteElo "1669"]
[BlackElo "1543"]
[PlyCount "51"]
[GameId "2160767911872609"]
[EventDate "1998.07.25"]
[EventType "swiss"]
[EventRounds "9"]
[EventCountry "CAN"]
[SourceTitle "EXT 2022"]
[Source "ChessBase"]
[SourceDate "2021.10.06"]
[SourceVersion "1"]
[SourceVersionDate "2021.10.06"]
[SourceQuality "1"]

1. e4 e6 2. d4 d5 3. e5 c5 4. c3 Nc6 5. Nf3 Qc7 6. a3 Bd7 7. Be2 Nge7 8. O-O Nf5 9. b4 cxd4 10. cxd4 a6 11. Bb2 Na7 12. Nc3 Qb6 13. Na4 Bxa4 14. Qxa4+ Qc6 15. Qd1 Rc8 16. Rc1 Qd7 17. Qd2 g6 18. Rxc8+ Qxc8 19. g4 Ng7 20. Rc1 Qd7 21. Qf4 Nc6 22. b5 Nb8 23. Ng5 h6 24. Nxf7 Rh7 25. Nd6+ Bxd6 26. exd6 1-0

[Event "Quebec op"]
[Site "Montreal CAN"]
[Date "1998.07.30"]
[Round "7"]
[White "Oratovsky, Michael"]
[Black "Regnier, Alain"]
[Result "1-0"]
[WhiteElo "2445"]
[BlackElo "2277"]
[PlyCount "21"]
[GameId "2160767911872611"]
[EventDate "1998.07.25"]
[EventType "swiss"]
[EventRounds "9"]
[EventCountry "CAN"]

1. e4 e6 2. d3 d5 3. Nd2 Nf6 4. Ngf3 b6 5. c3 Ba6 6. Qa4+ Qd7 7. Qc2 dxe4 8. dxe4 Bb7 9. Be2 Nc6 10. Bb5 Ke7 11. Ne5 1-0

[Event "Quebec op"]
[Site "Montreal CAN"]
[Date "1998.07.30"]
[Round "7"]
[White "Pnevmonidis, Pantelis"]
[Black "Drolet, Stephane"]
[Result "1-0"]
[WhiteElo "2067"]
[BlackElo "1848"]
[PlyCount "70"]
[GameId "2160767911872612"]
[EventDate "1998.07.25"]
[EventType "swiss"]
[EventRounds "9"]
[EventCountry "CAN"]

1. c4 Nf6 2. Nc3 g6 3. g3 Bg7 4. Bg2 d6 5. e4 O-O 6. Nge2 c5 7. O-O Nc6 8. d3 Ne8 9. Be3 Nc7 10. d4 cxd4 11. Nxd4 Ne6 12. Nxc6 bxc6 13. Rc1 Bb7 14. Qd2 Re8 15. f4 c5 16. Nd5 Nd4 17. f5 Rb8 18. Rf2 Bxd5 19. cxd5 a5 20. Bh6 Be5 21. fxg6 hxg6 22. Rcf1 f6 23. Bf4 Kg7 24. Bxe5 dxe5 25. g4 a4 26. g5 f5 27. exf5 gxf5 28. Qe3 Qd6 29. Be4 f4 30. Qh3 Rh8 31. Qg4 Rbf8 32. h4 f3 33. h5 Rf4 34. h6+ Kg8 35. Qh5 Qd7 1-0